000 00342 a2200157 4500
001 45894
020 _a8529402936
040 _cAnchieta - Aquarius
100 _aMiguel, Jorge
240 1 0 _a=O mundo de Miguelin
_lpor
245 1 0 _a=O mundo de Miguelin
300 _a63
362 0 _a2005
650 4 _aLiteratura brasileira
942 _cBK
999 _c45894
_d45894